Violencia domestica: algo más que un problema privado (Registro nro. 1534)
[ vista simple ]
| 000 -Cabecera | |
|---|---|
| Campo de control de longitud fija | 00811aam a2200313 4500 |
| 005 - Fecha y hora de la última transacción | |
| Campo de control | 20250822113410.0 |
| 008 - Elementos de longitud fija--Información general | |
| Campo de control de longitud fija | 150701b2003 xxu||||| |||| 00| 0 spa d |
| 020 ## - International Standard Book Number | |
| Número Internacional Estándar del Libro (ISBN) | 8497332199 |
| 041 ## - Idioma | |
| Código de idioma | Español |
| 082 ## - Clasificación Decimal Dewey | |
| Número de clasificación | 362.88 P839v |
| 100 ## - Entrada principal--Autor personal | |
| Nombre personal | Portabella, Alejandra |
| 9 (RLIN) | 26954 |
| 245 ## - Título propiamente dicho | |
| Título | Violencia domestica: algo más que un problema privado |
| 260 ## - Pie de imprenta | |
| Lugar de publicación, distribución, etc. | España |
| 260 ## - Pie de imprenta | |
| Nombre del editor, distribuidor, etc. | FAPA |
| 260 ## - Pie de imprenta | |
| Fecha de publicación, distribución, etc. | 2003 |
| 300 ## - Descripción física | |
| Extensión | 223 páginas |
| 490 ## - Serie | |
| Título de la Serie | Investigación Criminal |
| 650 ## - Materia general | |
| Temática (materia general) | VIOLENCIA DOMÉSTICA |
| 650 ## - Materia general | |
| Temática (materia general) | MALOS TRATOS |
| 650 ## - Materia general | |
| Temática (materia general) | MUJERES AGREDIDAS |
| 650 ## - Materia general | |
| Temática (materia general) | ACOSO |
| 650 ## - Materia general | |
| Temática (materia general) | MALTRATO INFANTIL |
| 650 ## - Materia general | |
| Temática (materia general) | MALTRATO DE ANCIANOS |
| 650 ## - Materia general | |
| Temática (materia general) | PSICÓPATAS |
| 650 ## - Materia general | |
| Temática (materia general) | AGRESORES |
| 650 ## - Materia general | |
| Temática (materia general) | CONFLICTOS SOCIALES |
| 650 ## - Materia general | |
| Temática (materia general) | MALTRATO PSICOLOGICO |
| 942 ## - Punto de acceso adicional KOHA | |
| Tipo de ítem KOHA | Libro |
| Fuente del sistema de clasificación o colocación | Dewey Decimal Classification |
| Signatura completa | Código de barras | Programa Académico | Tipo de ítem |
|---|---|---|---|
| 362.88 P839v | 2957 | Investigación Criminal | Libro |